00670nam a2200097Ia 4500008004100000100014900041245026000190260007600450650002700526999001900553160725s9999 xx 000 0 und d aAbanil, Maria Carolina C., Adamos, Lisandro A., Diñoso, Rommel B., Ducut, Fulgencio D., Ignacio, Aris. E. & Mendoza, Rodel C. (2014, January). 2aA college of information technology project on the requirements analysis and development of a training management and dorm system of Eureka! Innovations and Technical Solutions Philippines, Inc. Kaizen Research Journal College of Information Technology, 1 bKaizen Research Journal College of Information TechnologycJanuary 2014 aINFORMATION TECHNOLOGY c298011d298011